Emulation and invention

This is a classic text about how people in the 19th-century learned how to invent new technology -- by tinkering with the mechanical parts of other successful inventions -- gears, cams, ratchets, pistons -- to come up with new combinations that improved on the original design.

保存先:
書誌詳細
第一著者: Hindle, Brooke
フォーマット: 図書
言語:Undetermined
出版事項: New York New York University Press 1981
主題:
タグ: タグ追加
タグなし, このレコードへの初めてのタグを付けませんか!
Thư viện lưu trữ: Trung tâm Học liệu Trường Đại học Cần Thơ
LEADER 01020nam a2200217Ia 4500
001 CTU_219204
008 210402s9999 xx 000 0 und d
082 |a 621.0973 
082 |b H662 
100 |a Hindle, Brooke 
245 0 |a Emulation and invention 
245 0 |c Brooke Hindle 
260 |a New York 
260 |b New York University Press 
260 |c 1981 
520 |a This is a classic text about how people in the 19th-century learned how to invent new technology -- by tinkering with the mechanical parts of other successful inventions -- gears, cams, ratchets, pistons -- to come up with new combinations that improved on the original design. 
650 |a Technology,Steamboats,Công nghệ,Công nghệ,Thuyền hơi nước,Điện thoại 
650 |x History,History,Lịch sử,Lịch sử,Lịch sử,Lịch sử 
650 |z United States,United States,Hoa Kỳ,Hoa Kỳ,Hoa Kỳ,Hoa Kỳ 
904 |i Qhieu 
980 |a Trung tâm Học liệu Trường Đại học Cần Thơ